[Event "European Individual Chess Championship 2017"]
[Site "?"]
[Date "2017.06.07"]
[Round "8.69"]
[White "Schreiner, Peter"]
[Black "Bosiocic, Marin"]
[Result "0-1"]
[BlackElo "2603"]
[WhiteElo "2483"]
[LiveChessVersion "1.4.8"]

1. d4 {[%clk 1:30:57]} d5 {[%clk 1:30:12]} 2. c4 {[%clk 1:31:14]} e6
{[%clk 1:30:24]} 3. Nf3 {[%clk 1:31:27]} Nf6 {[%clk 1:29:41]} 4. e3
{[%clk 1:30:46]} b6 {[%clk 1:29:32]} 5. Nc3 {[%clk 1:30:03]} Bd6 {[%clk 1:27:47]}
6. Bd3 {[%clk 1:23:34]} Bb7 {[%clk 1:27:40]} 7. Qe2 {[%clk 1:21:49]} Ne4
{[%clk 1:20:35]} 8. Nd2 {[%clk 1:15:43]} f5 {[%clk 1:18:54]} 9. cxd5
{[%clk 1:16:03]} exd5 {[%clk 1:18:38]} 10. g4 {[%clk 1:14:47]} Nd7
{[%clk 1:09:39]} 11. gxf5 {[%clk 1:13:22]} Qh4 {[%clk 1:06:05]} 12. Ndxe4
{[%clk 0:46:42]} dxe4 {[%clk 1:04:05]} 13. Bc4 {[%clk 0:45:58]} O-O-O
{[%clk 1:03:01]} 14. Bd2 {[%clk 0:44:07]} Rhe8 {[%clk 1:00:07]} 15. O-O-O
{[%clk 0:42:21]} Nf6 {[%clk 0:58:50]} 16. Nb5 {[%clk 0:34:58]} Kb8
{[%clk 0:57:47]} 17. Nxd6 {[%clk 0:35:00]} cxd6 {[%clk 0:56:35]} 18. Kb1
{[%clk 0:34:23]} Bc8 {[%clk 0:52:23]} 19. Bb5 {[%clk 0:30:39]} Re7
{[%clk 0:49:29]} 20. Rc1 {[%clk 0:27:11]} Qg4 {[%clk 0:47:07]} 21. Bb4
{[%clk 0:11:22]} Qxe2 {[%clk 0:43:06]} 22. Bxe2 {[%clk 0:11:50]} Nd5
{[%clk 0:42:31]} 23. Bd2 {[%clk 0:08:34]} Bxf5 {[%clk 0:42:28]} 24. h4
{[%clk 0:08:34]} Be6 {[%clk 0:38:40]} 25. b3 {[%clk 0:02:25]} Rf7
{[%clk 0:35:42]} 26. Be1 {[%clk 0:02:40]} Rc8 {[%clk 0:35:16]} 27. Rxc8+
{[%clk 0:02:44]} Kxc8 {[%clk 0:35:35]} 28. Kb2 {[%clk 0:02:15]} Kd7
{[%clk 0:35:19]} 29. Rg1 {[%clk 0:01:59]} Ke7 {[%clk 0:33:15]} 30. Bh5
{[%clk 0:02:15]} g6 {[%clk 0:32:54]} 31. Be2 {[%clk 0:02:43]} Rf5
{[%clk 0:29:52]} 32. Bg4 {[%clk 0:02:45]} Rf8 {[%clk 0:29:46]} 33. Be2
{[%clk 0:03:05]} Kf6 {[%clk 0:29:11]} 34. Bd2 {[%clk 0:02:10]} Kg7
{[%clk 0:28:56]} 35. Be1 {[%clk 0:02:21]} h6 {[%clk 0:28:10]} 36. Rh1
{[%clk 0:00:52]} Kh7 {[%clk 0:26:41]} 37. Rh2 {[%clk 0:00:47]} Rf6
{[%clk 0:26:38]} 38. Rh1 {[%clk 0:00:48]} Bc8 {[%clk 0:25:51]} 39. Rg1
{[%clk 0:00:44]} Ne7 {[%clk 0:23:40]} 40. Rg2 {[%clk 0:30:34]} Bb7
{[%clk 0:52:54]} 41. Rh2 {[%clk 0:24:29]} Bd5 {[%clk 0:52:31]} 42. Rg2
{[%clk 0:22:10]} Nf5 {[%clk 0:52:39]} 43. Rh2 {[%clk 0:22:02]} h5
{[%clk 0:52:14]} 44. Kc2 {[%clk 0:17:25]} Rf7 {[%clk 0:52:10]} 45. Rh3
{[%clk 0:16:25]} a5 {[%clk 0:49:47]} 46. Kd2 {[%clk 0:12:19]} Re7
{[%clk 0:49:00]} 47. Rh2 {[%clk 0:10:14]} Kg7 {[%clk 0:49:05]} 48. Rh3
{[%clk 0:08:38]} Kf6 {[%clk 0:49:06]} 49. Rh2 {[%clk 0:08:25]} Bc6
{[%clk 0:43:05]} 50. Kc2 {[%clk 0:07:32]} Rc7 {[%clk 0:43:16]} 51. Kb2
{[%clk 0:07:11]} Bd5 {[%clk 0:43:21]} 52. Rh3 {[%clk 0:06:34]} Rh7
{[%clk 0:43:14]} 53. f4 {[%clk 0:03:31]} exf3 {[%clk 0:42:41]} 54. Bxf3
{[%clk 0:03:53]} Bxf3 {[%clk 0:43:05]} 55. Rxf3 {[%clk 0:04:17]} Re7
{[%clk 0:42:25]} 56. Bf2 {[%clk 0:02:47]} g5 {[%clk 0:41:06]} 57. hxg5+
{[%clk 0:02:49]} Kxg5 {[%clk 0:41:23]} 58. Kc3 {[%clk 0:02:31]} d5
{[%clk 0:41:00]} 59. Kd3 {[%clk 0:02:19]} Re4 {[%clk 0:40:11]} 60. Rh3
{[%clk 0:02:09]} h4 {[%clk 0:40:00]} 61. Rh1 {[%clk 0:01:57]} Kg4
{[%clk 0:38:46]} 62. Kd2 {[%clk 0:02:09]} Kf3 {[%clk 0:37:00]} 63. Ke1
{[%clk 0:02:04]} Ng3 {[%clk 0:35:01]} 64. Rh2 {[%clk 0:02:10]} Rg4
{[%clk 0:34:41]} 65. a4 {[%clk 0:01:52]} Nf5 {[%clk 0:34:05]} 66. Rh1
{[%clk 0:01:42]} Re4 {[%clk 0:30:40]} 67. Rh2 {[%clk 0:01:40]} Nxe3
{[%clk 0:28:45]} 68. Rh3+ {[%clk 0:01:29]} Kg2 {[%clk 0:28:54]} 69. Rxh4
{[%clk 0:00:48]} Ng4+ {[%clk 0:29:03]} 70. Kd2 {[%clk 0:01:15]} Nxf2
{[%clk 0:29:14]} 71. Rh6 {[%clk 0:01:33]} Rxd4+ {[%clk 0:29:34]} 0-1

[Event "European Individual Chess Championship 2017"]
[Site "?"]
[Date "2017.06.07"]
[Round "8.70"]
[White "Gledura, Benjamin"]
[Black "Ali Marandi, Cemil Can"]
[Result "1/2-1/2"]
[BlackElo "2479"]
[WhiteElo "2602"]
[LiveChessVersion "1.4.8"]

1. d4 {[%clk 1:30:57]} d5 {[%clk 1:30:53]} 2. c4 {[%clk 1:31:19]} c6
{[%clk 1:31:18]} 3. cxd5 {[%clk 1:31:27]} cxd5 {[%clk 1:31:41]} 4. Bf4
{[%clk 1:31:50]} Nc6 {[%clk 1:31:58]} 5. e3 {[%clk 1:32:06]} Nf6 {[%clk 1:32:20]}
6. Nc3 {[%clk 1:32:20]} a6 {[%clk 1:32:31]} 7. Be2 {[%clk 1:31:48]} Bf5
{[%clk 1:28:45]} 8. Nf3 {[%clk 1:31:47]} e6 {[%clk 1:29:09]} 9. Qb3
{[%clk 1:31:55]} Bd6 {[%clk 1:29:33]} 10. Bxd6 {[%clk 1:30:44]} Qxd6
{[%clk 1:30:01]} 11. Qxb7 {[%clk 1:30:39]} O-O {[%clk 1:30:23]} 12. Qb3
{[%clk 1:30:36]} Rfb8 {[%clk 1:24:18]} 13. Qa3 {[%clk 1:30:40]} Qxa3
{[%clk 1:24:42]} 14. bxa3 {[%clk 1:31:05]} Na7 {[%clk 1:25:06]} 15. a4
{[%clk 1:30:12]} Ne4 {[%clk 1:21:47]} 16. Nxe4 {[%clk 1:17:38]} Bxe4
{[%clk 1:22:07]} 17. Nd2 {[%clk 1:05:04]} Bc2 {[%clk 1:20:17]} 18. Nb3
{[%clk 1:00:10]} Bxb3 {[%clk 1:12:49]} 19. axb3 {[%clk 1:00:32]} Rxb3
{[%clk 1:12:46]} 20. Bxa6 {[%clk 0:59:56]} Nc6 {[%clk 1:05:39]} 21. Be2
{[%clk 0:59:50]} Rb2 {[%clk 1:06:02]} 22. Bd1 {[%clk 0:50:43]} Nb4
{[%clk 0:59:54]} 23. O-O {[%clk 0:49:28]} Na2 {[%clk 0:59:34]} 24. Re1
{[%clk 0:42:05]} g6 {[%clk 0:57:25]} 25. h4 {[%clk 0:36:06]} Kg7 {[%clk 0:50:39]}
26. g4 {[%clk 0:27:32]} Nc3 {[%clk 0:46:33]} 27. Ra3 {[%clk 0:27:35]} Nxd1
{[%clk 0:46:43]} 28. Rxd1 {[%clk 0:27:59]} Rc8 {[%clk 0:47:08]} 29. Raa1
{[%clk 0:26:28]} Rcc2 {[%clk 0:47:14]} 30. Rdb1 {[%clk 0:26:32]} Rxf2
{[%clk 0:34:59]} 31. Rxb2 {[%clk 0:26:50]} Rxb2 {[%clk 0:35:26]} 32. a5
{[%clk 0:26:09]} Rb7 {[%clk 0:35:49]} 33. a6 {[%clk 0:21:43]} Ra7
{[%clk 0:36:07]} 34. Kf2 {[%clk 0:21:09]} g5 {[%clk 0:36:16]} 35. hxg5
{[%clk 0:17:08]} Kg6 {[%clk 0:36:34]} 36. Kf3 {[%clk 0:12:11]} Kxg5
{[%clk 0:35:44]} 37. Ra5 {[%clk 0:12:18]} f5 {[%clk 0:28:48]} 38. gxf5
{[%clk 0:12:39]} Kxf5 {[%clk 0:29:01]} 39. e4+ {[%clk 0:12:49]} Kf6
{[%clk 0:29:23]} 40. Ra1 {[%clk 0:42:12]} dxe4+ {[%clk 0:52:16]} 41. Kxe4
{[%clk 0:42:31]} Ke7 {[%clk 0:52:36]} 42. Ke5 {[%clk 0:37:36]} Kd7
{[%clk 0:52:54]} 43. Kf6 {[%clk 0:31:46]} h5 {[%clk 0:49:26]} 44. Kg5
{[%clk 0:29:13]} Kc6 {[%clk 0:49:19]} 45. Ra5 {[%clk 0:29:30]} Kb6
{[%clk 0:48:53]} 46. Re5 {[%clk 0:29:50]} Rxa6 {[%clk 0:44:21]} 47. Rxe6+
{[%clk 0:28:51]} Kb7 {[%clk 0:44:42]} 48. Rxa6 {[%clk 0:26:41]} Kxa6
{[%clk 0:44:18]} 49. Kxh5 {[%clk 0:27:06]} Kb5 {[%clk 0:44:38]} 50. Kg5
{[%clk 0:27:33]} Kc4 {[%clk 0:45:01]} 51. Kf5 {[%clk 0:27:59]} Kxd4
{[%clk 0:45:27]} 1/2-1/2

[Event "European Individual Chess Championship 2017"]
[Site "?"]
[Date "2017.06.07"]
[Round "8.71"]
[White "Girya, Olga"]
[Black "Fedorov, Alexei"]
[Result "1/2-1/2"]
[BlackElo "2598"]
[WhiteElo "2476"]
[LiveChessVersion "1.4.8"]

1. d4 {[%clk 1:30:58]} Nf6 {[%clk 1:30:52]} 2. c4 {[%clk 1:31:24]} g6
{[%clk 1:31:16]} 3. Nc3 {[%clk 1:31:51]} Bg7 {[%clk 1:31:39]} 4. e4
{[%clk 1:32:18]} d6 {[%clk 1:32:01]} 5. Be2 {[%clk 1:32:35]} O-O {[%clk 1:32:22]}
6. Be3 {[%clk 1:33:00]} Nbd7 {[%clk 1:31:22]} 7. Nf3 {[%clk 1:32:56]} e5
{[%clk 1:30:34]} 8. O-O {[%clk 1:33:15]} Re8 {[%clk 1:30:35]} 9. Qc2
{[%clk 1:32:19]} exd4 {[%clk 1:28:49]} 10. Nxd4 {[%clk 1:32:45]} c6
{[%clk 1:28:44]} 11. Rad1 {[%clk 1:31:57]} Qe7 {[%clk 1:27:03]} 12. f3
{[%clk 1:32:09]} a5 {[%clk 1:18:35]} 13. Rfe1 {[%clk 1:29:12]} Nc5
{[%clk 1:17:22]} 14. Bf1 {[%clk 1:29:13]} a4 {[%clk 1:15:55]} 15. Qd2
{[%clk 1:11:08]} Nfd7 {[%clk 1:15:00]} 16. Nc2 {[%clk 1:07:02]} Be5
{[%clk 1:07:23]} 17. Bg5 {[%clk 1:03:47]} Qf8 {[%clk 0:58:45]} 18. Bh6
{[%clk 1:00:18]} Qe7 {[%clk 0:59:01]} 19. Bg5 {[%clk 0:50:05]} Qf8
{[%clk 0:59:23]} 20. Bh6 {[%clk 0:49:54]} Qe7 {[%clk 0:59:47]} 21. Bg5
{[%clk 0:49:43]} 1/2-1/2

[Event "European Individual Chess Championship 2017"]
[Site "?"]
[Date "2017.06.07"]
[Round "8.72"]
[White "Ter-Sahakyan, Samvel"]
[Black "Harutjunyan, Gevorg"]
[Result "1-0"]
[BlackElo "2472"]
[WhiteElo "2598"]
[LiveChessVersion "1.4.8"]

1. e4 {[%clk 1:30:56]} c6 {[%clk 1:30:49]} 2. d4 {[%clk 1:31:14]} d5
{[%clk 1:31:09]} 3. e5 {[%clk 1:31:36]} Bf5 {[%clk 1:31:27]} 4. Nf3
{[%clk 1:31:58]} e6 {[%clk 1:31:13]} 5. Be2 {[%clk 1:32:21]} Nd7 {[%clk 1:30:03]}
6. O-O {[%clk 1:32:17]} h6 {[%clk 1:19:36]} 7. Nbd2 {[%clk 1:25:57]} Ne7
{[%clk 1:19:35]} 8. Nb3 {[%clk 1:25:33]} Nc8 {[%clk 1:14:14]} 9. a4
{[%clk 1:17:51]} Be7 {[%clk 1:14:29]} 10. a5 {[%clk 1:17:25]} a6 {[%clk 1:14:54]}
11. c4 {[%clk 1:09:55]} O-O {[%clk 1:12:51]} 12. Be3 {[%clk 1:06:50]} Bh7
{[%clk 1:05:39]} 13. Nfd2 {[%clk 0:50:41]} Na7 {[%clk 0:51:55]} 14. f4
{[%clk 0:49:08]} Rc8 {[%clk 0:38:27]} 15. c5 {[%clk 0:45:39]} f5 {[%clk 0:34:14]}
16. Bd3 {[%clk 0:41:40]} Qe8 {[%clk 0:30:51]} 17. Kh1 {[%clk 0:36:24]} Rc7
{[%clk 0:27:20]} 18. Rg1 {[%clk 0:31:20]} Bd8 {[%clk 0:26:46]} 19. g4
{[%clk 0:30:37]} Nc8 {[%clk 0:25:00]} 20. Qe2 {[%clk 0:21:51]} Nb8
{[%clk 0:22:29]} 21. Rg2 {[%clk 0:19:29]} g6 {[%clk 0:19:52]} 22. gxf5
{[%clk 0:16:50]} exf5 {[%clk 0:19:50]} 23. Qh5 {[%clk 0:16:23]} Kg7
{[%clk 0:10:34]} 24. Rag1 {[%clk 0:11:30]} Qe6 {[%clk 0:09:04]} 25. Nc1
{[%clk 0:11:31]} Ne7 {[%clk 0:07:38]} 26. Ne2 {[%clk 0:11:44]} Ng8
{[%clk 0:07:34]} 27. Nf3 {[%clk 0:09:45]} Rcf7 {[%clk 0:03:58]} 28. b4
{[%clk 0:09:27]} Nd7 {[%clk 0:04:06]} 29. Bf2 {[%clk 0:09:16]} Re8
{[%clk 0:03:49]} 30. Bh4 {[%clk 0:05:49]} Nf8 {[%clk 0:00:55]} 31. Bxd8
{[%clk 0:04:35]} Rxd8 {[%clk 0:01:22]} 32. Nh4 {[%clk 0:04:36]} Ne7
{[%clk 0:01:33]} 33. Rg3 {[%clk 0:04:42]} Bg8 {[%clk 0:00:48]} 34. Rh3
{[%clk 0:03:06]} Kh8 {[%clk 0:00:58]} 35. Qxh6+ {[%clk 0:03:05]} Rh7
{[%clk 0:01:18]} 36. Qg5 {[%clk 0:03:27]} Nd7 {[%clk 0:00:45]} 37. Nxg6+
{[%clk 0:02:13]} Qxg6 {[%clk 0:00:57]} 38. Qxe7 {[%clk 0:02:24]} 1-0

[Event "European Individual Chess Championship 2017"]
[Site "?"]
[Date "2017.06.07"]
[Round "8.73"]
[White "Hakobyan, Aram"]
[Black "Kulaots, Kaido"]
[Result "1-0"]
[BlackElo "2597"]
[WhiteElo "2449"]
[LiveChessVersion "1.4.8"]

1. Nf3 {[%clk 1:30:48]} g6 {[%clk 1:29:26]} 2. c4 {[%clk 1:30:26]} Bg7
{[%clk 1:29:12]} 3. d4 {[%clk 1:30:05]} Nf6 {[%clk 1:29:06]} 4. Nc3
{[%clk 1:29:16]} d5 {[%clk 1:29:06]} 5. h4 {[%clk 1:29:37]} dxc4 {[%clk 1:26:23]}
6. e4 {[%clk 1:29:55]} c5 {[%clk 1:25:41]} 7. d5 {[%clk 1:29:09]} b5
{[%clk 1:24:57]} 8. h5 {[%clk 1:28:55]} Nxh5 {[%clk 1:24:56]} 9. Nxb5
{[%clk 1:28:18]} O-O {[%clk 1:24:09]} 10. Bxc4 {[%clk 1:27:02]} Bg4
{[%clk 1:18:46]} 11. Qc2 {[%clk 1:26:57]} a6 {[%clk 1:19:02]} 12. Nc3
{[%clk 1:26:34]} Bxf3 {[%clk 1:16:16]} 13. gxf3 {[%clk 1:26:56]} Qd6
{[%clk 1:16:43]} 14. Ne2 {[%clk 1:25:31]} Nd7 {[%clk 1:11:10]} 15. f4
{[%clk 1:24:44]} Nb6 {[%clk 1:09:51]} 16. e5 {[%clk 1:25:08]} Qd7
{[%clk 1:08:44]} 17. Be3 {[%clk 1:25:26]} Rfb8 {[%clk 0:56:43]} 18. b3
{[%clk 1:08:33]} Rb7 {[%clk 0:40:43]} 19. Qe4 {[%clk 0:54:01]} Nxc4
{[%clk 0:38:13]} 20. bxc4 {[%clk 0:53:37]} Rab8 {[%clk 0:31:44]} 21. Rc1
{[%clk 0:46:04]} Qc7 {[%clk 0:24:45]} 22. Rxh5 {[%clk 0:38:22]} gxh5
{[%clk 0:24:54]} 23. Ng3 {[%clk 0:38:50]} Qb6 {[%clk 0:14:05]} 24. Nxh5
{[%clk 0:31:17]} Qg6 {[%clk 0:12:52]} 25. Qxg6 {[%clk 0:31:27]} hxg6
{[%clk 0:13:06]} 26. Nxg7 {[%clk 0:21:02]} Rc8 {[%clk 0:12:31]} 27. Nh5
{[%clk 0:20:20]} gxh5 {[%clk 0:12:49]} 28. Ke2 {[%clk 0:20:47]} Rb2+
{[%clk 0:10:35]} 29. Kf3 {[%clk 0:19:08]} Rxa2 {[%clk 0:10:48]} 30. f5
{[%clk 0:19:15]} f6 {[%clk 0:06:02]} 31. e6 {[%clk 0:18:29]} Ra3 {[%clk 0:05:52]}
32. Ke4 {[%clk 0:18:23]} a5 {[%clk 0:04:57]} 33. Rg1+ {[%clk 0:16:16]} Kh7
{[%clk 0:05:21]} 34. d6 {[%clk 0:16:38]} exd6 {[%clk 0:05:44]} 35. Rg6
{[%clk 0:17:07]} Rxe3+ {[%clk 0:00:52]} 36. fxe3 {[%clk 0:17:24]} a4
{[%clk 0:01:08]} 37. Rxf6 {[%clk 0:14:20]} Rc7 {[%clk 0:00:37]} 38. Rf8
{[%clk 0:12:52]} Kg7 {[%clk 0:00:36]} 39. Ra8 {[%clk 0:13:20]} Kf6
{[%clk 0:00:38]} 40. Kd5 {[%clk 0:43:17]} h4 {[%clk 0:30:33]} 41. Kxd6
{[%clk 0:43:08]} 1-0

[Event "European Individual Chess Championship 2017"]
[Site "?"]
[Date "2017.06.07"]
[Round "8.74"]
[White "Lopez Martinez, Josep Manuel"]
[Black "Kharchenko, Boris"]
[Result "1-0"]
[BlackElo "2468"]
[WhiteElo "2597"]
[LiveChessVersion "1.4.8"]

1. c4 {[%clk 1:30:10]} e5 {[%clk 1:28:57]} 2. g3 {[%clk 1:30:24]} Nc6
{[%clk 1:27:41]} 3. Bg2 {[%clk 1:30:18]} g6 {[%clk 1:22:34]} 4. Nc3
{[%clk 1:28:51]} Bg7 {[%clk 1:22:08]} 5. e3 {[%clk 1:28:18]} f5 {[%clk 1:20:05]}
6. Nge2 {[%clk 1:28:05]} d6 {[%clk 1:12:13]} 7. d4 {[%clk 1:26:01]} e4
{[%clk 1:00:30]} 8. b4 {[%clk 1:15:57]} Nf6 {[%clk 0:55:36]} 9. Qb3
{[%clk 1:14:19]} Ne7 {[%clk 0:54:41]} 10. a4 {[%clk 1:13:21]} Be6
{[%clk 0:48:57]} 11. Ba3 {[%clk 1:02:22]} Qd7 {[%clk 0:37:07]} 12. b5
{[%clk 1:01:25]} g5 {[%clk 0:35:07]} 13. f3 {[%clk 0:56:54]} exf3
{[%clk 0:32:55]} 14. Bxf3 {[%clk 0:57:15]} Rb8 {[%clk 0:33:24]} 15. h4
{[%clk 0:55:13]} g4 {[%clk 0:32:01]} 16. Bg2 {[%clk 0:55:18]} Nh5
{[%clk 0:31:22]} 17. O-O {[%clk 0:40:02]} O-O {[%clk 0:31:38]} 18. Kh2
{[%clk 0:38:55]} Ng6 {[%clk 0:27:06]} 19. Nd5 {[%clk 0:39:12]} Bxd5
{[%clk 0:09:53]} 20. Bxd5+ {[%clk 0:35:19]} Kh8 {[%clk 0:10:21]} 21. Rae1
{[%clk 0:35:10]} c6 {[%clk 0:06:57]} 22. Bg2 {[%clk 0:35:00]} Rbe8
{[%clk 0:06:39]} 23. bxc6 {[%clk 0:33:34]} bxc6 {[%clk 0:07:07]} 24. Qd3
{[%clk 0:33:22]} Qd8 {[%clk 0:03:12]} 25. Kg1 {[%clk 0:28:37]} Bh6
{[%clk 0:03:22]} 26. Bc1 {[%clk 0:28:40]} Qd7 {[%clk 0:03:51]} 27. Rf2
{[%clk 0:26:24]} Ne7 {[%clk 0:00:51]} 28. Kh2 {[%clk 0:19:41]} Rf7
{[%clk 0:00:38]} 29. Ref1 {[%clk 0:19:10]} Nf6 {[%clk 0:00:45]} 30. Nc3
{[%clk 0:13:47]} d5 {[%clk 0:00:43]} 31. cxd5 {[%clk 0:13:35]} cxd5
{[%clk 0:00:43]} 32. Ba3 {[%clk 0:13:11]} Ne4 {[%clk 0:00:41]} 33. Bxe4
{[%clk 0:07:35]} fxe4 {[%clk 0:00:57]} 34. Qa6 {[%clk 0:07:40]} Rxf2+
{[%clk 0:00:42]} 35. Rxf2 {[%clk 0:08:03]} Bg7 {[%clk 0:00:34]} 36. Rf7
{[%clk 0:06:36]} Kg8 {[%clk 0:00:34]} 37. Rxe7 {[%clk 0:06:04]} Rxe7
{[%clk 0:01:02]} 38. Bxe7 {[%clk 0:06:23]} Qxe7 {[%clk 0:01:31]} 39. Nxd5
{[%clk 0:06:07]} Qd7 {[%clk 0:00:44]} 40. Nf4 {[%clk 0:35:22]} Bf8
{[%clk 0:30:36]} 41. Qc4+ {[%clk 0:34:35]} Kh8 {[%clk 0:25:03]} 42. d5
{[%clk 0:33:11]} Qb7 {[%clk 0:25:21]} 43. Qxe4 {[%clk 0:32:27]} Qb2+
{[%clk 0:25:44]} 44. Ng2 1-0

[Event "European Individual Chess Championship 2017"]
[Site "?"]
[Date "2017.06.07"]
[Round "8.75"]
[White "Buhmann, Rainer"]
[Black "Diermair, Andreas"]
[Result "0-1"]
[BlackElo "2472"]
[WhiteElo "2596"]
[LiveChessVersion "1.4.8"]

1. Nf3 {[%clk 1:30:53]} d5 {[%clk 1:30:53]} 2. d4 {[%clk 1:31:19]} Nf6
{[%clk 1:31:15]} 3. c4 {[%clk 1:31:45]} e6 {[%clk 1:31:40]} 4. g3
{[%clk 1:32:02]} Bb4+ {[%clk 1:31:54]} 5. Bd2 {[%clk 1:32:27]} Bd6
{[%clk 1:32:08]} 6. Bg2 {[%clk 1:29:08]} O-O {[%clk 1:32:28]} 7. O-O
{[%clk 1:29:28]} Nbd7 {[%clk 1:32:02]} 8. Qc2 {[%clk 1:12:58]} c6
{[%clk 1:30:55]} 9. Bg5 {[%clk 1:10:33]} h6 {[%clk 1:31:12]} 10. Bxf6
{[%clk 1:10:59]} Nxf6 {[%clk 1:31:39]} 11. Nbd2 {[%clk 1:10:40]} b6
{[%clk 1:31:41]} 12. e4 {[%clk 1:10:14]} Be7 {[%clk 1:31:03]} 13. Rfe1
{[%clk 1:06:03]} Bb7 {[%clk 1:27:08]} 14. e5 {[%clk 0:58:42]} Nd7
{[%clk 1:26:10]} 15. cxd5 {[%clk 0:58:06]} cxd5 {[%clk 1:24:33]} 16. Bf1
{[%clk 0:55:29]} Nb8 {[%clk 1:18:53]} 17. a3 {[%clk 0:48:06]} Qd7
{[%clk 1:16:04]} 18. b4 {[%clk 0:38:59]} Bc6 {[%clk 1:10:10]} 19. Rec1
{[%clk 0:26:26]} a6 {[%clk 0:59:57]} 20. Qb2 {[%clk 0:23:54]} Ra7
{[%clk 0:56:36]} 21. Rc3 {[%clk 0:23:56]} Rc7 {[%clk 0:51:33]} 22. a4
{[%clk 0:16:53]} a5 {[%clk 0:47:19]} 23. b5 {[%clk 0:17:01]} Bb7 {[%clk 0:47:36]}
24. Rxc7 {[%clk 0:16:48]} Qxc7 {[%clk 0:48:04]} 25. Rc1 {[%clk 0:17:09]} Qd7
{[%clk 0:47:43]} 26. Bd3 {[%clk 0:13:44]} Rc8 {[%clk 0:46:59]} 27. Nb3
{[%clk 0:08:16]} Bb4 {[%clk 0:45:00]} 28. Rxc8+ {[%clk 0:03:55]} Qxc8
{[%clk 0:45:13]} 29. Nc1 {[%clk 0:03:48]} Nd7 {[%clk 0:43:48]} 30. Ne2
{[%clk 0:04:00]} Nf8 {[%clk 0:42:12]} 31. h4 {[%clk 0:03:36]} Qc7
{[%clk 0:40:44]} 32. Qb1 {[%clk 0:03:13]} Bc8 {[%clk 0:36:23]} 33. Kg2
{[%clk 0:03:12]} Bd7 {[%clk 0:36:28]} 34. Qd1 {[%clk 0:03:13]} Be8
{[%clk 0:36:02]} 35. Nf4 {[%clk 0:03:08]} Qc3 {[%clk 0:33:50]} 36. Qe2
{[%clk 0:02:30]} Qa1 {[%clk 0:27:23]} 37. Qc2 {[%clk 0:02:38]} Qc3
{[%clk 0:27:48]} 38. Qe2 {[%clk 0:02:47]} Qa1 {[%clk 0:27:56]} 39. Bc2
{[%clk 0:02:54]} Qc3 {[%clk 0:26:49]} 40. Qd1 {[%clk 0:31:03]} Kh8
{[%clk 0:50:09]} 41. g4 {[%clk 0:20:05]} f6 {[%clk 0:46:11]} 42. g5
{[%clk 0:09:36]} Qc7 {[%clk 0:35:27]} 43. Qd3 {[%clk 0:07:58]} f5
{[%clk 0:33:45]} 44. h5 {[%clk 0:07:54]} hxg5 {[%clk 0:31:34]} 45. Nxg5
{[%clk 0:08:17]} Qe7 {[%clk 0:31:56]} 46. Qg3 {[%clk 0:04:54]} Bd2
{[%clk 0:27:51]} 47. Bd1 {[%clk 0:04:42]} Kg8 {[%clk 0:21:23]} 48. Bf3
{[%clk 0:03:24]} Bxf4 {[%clk 0:16:24]} 49. Qxf4 {[%clk 0:03:52]} Qa3
{[%clk 0:13:17]} 50. Qg3 {[%clk 0:01:13]} Qxa4 {[%clk 0:08:25]} 51. Nxe6
{[%clk 0:00:56]} Nxe6 {[%clk 0:08:40]} 52. Bxd5 {[%clk 0:01:19]} Qxd4
{[%clk 0:06:58]} 53. Bxe6+ {[%clk 0:01:43]} Kf8 {[%clk 0:05:42]} 54. Bxf5
{[%clk 0:00:48]} Bxh5 {[%clk 0:04:26]} 55. Qa3+ {[%clk 0:00:39]} Ke8
{[%clk 0:04:07]} 56. Qa2 {[%clk 0:00:40]} Qxe5 {[%clk 0:03:58]} 57. Qc2
{[%clk 0:00:50]} Bf7 {[%clk 0:03:33]} 58. Qc6+ {[%clk 0:01:04]} Ke7
{[%clk 0:03:27]} 59. Be4 {[%clk 0:01:15]} Qd6 {[%clk 0:03:39]} 60. Qc3
{[%clk 0:01:22]} g6 {[%clk 0:03:25]} 61. Qe3 {[%clk 0:01:21]} Kf8
{[%clk 0:03:04]} 62. f4 {[%clk 0:00:59]} a4 {[%clk 0:02:52]} 63. f5
{[%clk 0:01:10]} gxf5 {[%clk 0:02:57]} 64. Bxf5 {[%clk 0:01:35]} a3
{[%clk 0:03:05]} 65. Be4 {[%clk 0:01:42]} a2 {[%clk 0:03:10]} 66. Qc3
{[%clk 0:02:09]} Qf4 {[%clk 0:02:18]} 67. Bf3 {[%clk 0:00:42]} Qg5+
{[%clk 0:02:37]} 0-1

[Event "European Individual Chess Championship 2017"]
[Site "?"]
[Date "2017.06.07"]
[Round "8.76"]
[White "Usmanov, Vasily"]
[Black "Ponkratov, Pavel"]
[Result "1-0"]
[BlackElo "2590"]
[WhiteElo "2443"]
[LiveChessVersion "1.4.8"]

1. Nf3 {[%clk 1:30:57]} c5 {[%clk 1:30:52]} 2. c4 {[%clk 1:31:12]} Nc6
{[%clk 1:31:14]} 3. Nc3 {[%clk 1:31:35]} e6 {[%clk 1:29:04]} 4. g3
{[%clk 1:31:14]} b6 {[%clk 1:27:08]} 5. Bg2 {[%clk 1:31:28]} Bb7 {[%clk 1:27:34]}
6. O-O {[%clk 1:30:54]} Nf6 {[%clk 1:27:51]} 7. d4 {[%clk 1:25:24]} cxd4
{[%clk 1:20:15]} 8. Nxd4 {[%clk 1:21:10]} Bc5 {[%clk 1:20:41]} 9. Nxc6
{[%clk 1:16:06]} Bxc6 {[%clk 1:21:06]} 10. Bxc6 {[%clk 1:11:21]} dxc6
{[%clk 1:21:33]} 11. Qa4 {[%clk 1:11:48]} Qc8 {[%clk 1:19:38]} 12. Bg5
{[%clk 1:06:14]} Ng4 {[%clk 1:01:17]} 13. Ne4 {[%clk 0:55:02]} h6
{[%clk 0:59:22]} 14. Bd2 {[%clk 0:46:37]} Be7 {[%clk 0:59:46]} 15. Bb4
{[%clk 0:46:32]} Qc7 {[%clk 0:55:22]} 16. Rad1 {[%clk 0:41:57]} f5
{[%clk 0:48:40]} 17. Rd6 {[%clk 0:36:20]} O-O {[%clk 0:45:38]} 18. Rxc6
{[%clk 0:36:20]} Qd7 {[%clk 0:44:58]} 19. Rd1 {[%clk 0:30:01]} Qe8
{[%clk 0:43:11]} 20. Bxe7 {[%clk 0:30:20]} Qxe7 {[%clk 0:42:56]} 21. Nc3
{[%clk 0:30:01]} f4 {[%clk 0:42:11]} 22. c5 {[%clk 0:28:58]} Qg5 {[%clk 0:36:00]}
23. h4 {[%clk 0:26:41]} Qh5 {[%clk 0:32:07]} 24. f3 {[%clk 0:25:38]} Ne3
{[%clk 0:28:12]} 25. Rd7 {[%clk 0:24:45]} fxg3 {[%clk 0:26:04]} 26. Rcc7
{[%clk 0:24:27]} Kh8 {[%clk 0:20:17]} 27. Rxg7 {[%clk 0:23:59]} Rf6
{[%clk 0:19:16]} 28. Rh7+ {[%clk 0:23:57]} Kg8 {[%clk 0:19:42]} 29. Rcg7+
{[%clk 0:24:22]} Kf8 {[%clk 0:20:09]} 30. Qd7 {[%clk 0:24:41]} 1-0